000 00502nam a2200181Ia 4500
999 _c28403
_d28403
003 OSt
005 20201224121447.0
008 190216s9999||||xx |||||||||||||| ||und||
020 _a9788171801879
040 _coclc
082 _a910
_bPOT/M
100 _aPottekkat, S K
_92068
245 0 _aMalayalanadukalil /
_cS K Pottekkat
260 _bPoorna Publications,
_aKozhikode:
_c2001.
300 _a84p
650 _aYathravivaranam
942 _cBK
_2ddc
_h910
_iPOT/M
_k910
_mPOT/M